[Event "San Francisco TNM Summer op"]
[Site "San Francisco"]
[Date "2017.07.11"]
[Round "7"]
[White "Ismakov, Arthur"]
[Black "Stearman, Josiah P"]
[Result "0-1"]
[WhiteElo "2111"]
[BlackElo "2154"]
[PlyCount "62"]
[EventDate "2017.05.23"]
[EventType "swiss"]
[EventRounds "8"]
[EventCountry "USA"]
[SourceTitle "EXT 2023"]
[Source "ChessBase"]
[SourceDate "2022.10.05"]
[SourceVersion "1"]
[SourceVersionDate "2022.10.05"]
[SourceQuality "1"]

1. e4 c5 2. Nf3 Nc6 3. d4 cxd4 4. Nxd4 Nf6 5. Nc3 e5 6. Ndb5 d6 7. Bg5 a6 8. Bxf6 gxf6 9. Na3 b5 10. Nd5 f5 11. c3 Bg7 12. exf5 Bxf5 13. Nc2 0-0 14. Nce3 Be6 15. Bd3 f5 16. Qh5 e4 17. Bc2 Ne7 18. Bb3 Nxd5 19. Nxd5 f4 20. 0-0-0 a5 21. Rhe1 a4 22. Rxe4 axb3 23. Rxe6 bxa2 24. Kc2 Rf7 25. Re7 Rxe7 26. Nxe7+ Kf8 27. Qf5+ Kxe7 28. Re1+ Be5 29. Qxh7+ Ke6 30. Qh3+ Kd5 31. b4 a1Q 0-1

[Event "San Francisco MI Fall op"]
[Site "San Francisco"]
[Date "2005.11.15"]
[Round "3"]
[White "Ismakov, Arthur"]
[Black "Drane, Robert W"]
[Result "1-0"]
[WhiteElo "2117"]
[BlackElo "1843"]
[PlyCount "37"]
[EventDate "2005.11.08"]
[EventType "swiss"]
[EventRounds "8"]
[EventCountry "USA"]
[SourceTitle "EXT 2007"]
[Source "ChessBase"]
[SourceDate "2006.11.23"]
[SourceVersion "1"]
[SourceVersionDate "2006.11.23"]
[SourceQuality "1"]

1. e4 Nf6 2. e5 Nd5 3. d4 d6 4. Nf3 c6 5. h3 g6 6. Bc4 dxe5 7. dxe5 Qa5+ 8. Bd2 Qc7 9. Nc3 Be6 10. Qe2 Nxc3 11. Bxc3 Bxc4 12. Qxc4 e6 13. 0-0-0 Nd7 14. Qf4 h6 15. Nd2 f5 16. Nc4 Be7 17. Nd6+ Kf8 18. Qc4 Bxd6 19. exd6 1-0